Rockstars jeunes (1) - Statistiques

Statistiques générales
  • Ce quiz a été pris 116 fois
  • Le résultat moyen est 6 sur 16
Statistiques - réponses
Par images Hint Réponse % Correct
Esprit jeune. Kurt Cobain
79%
Poussière d'étoile. David Bowie
74%
Heeeeeey ho! Freddie Mercury
73%
Plat préféré : la chauce-souris. Ozzy Osbourne
56%
Record du monde de "Yeah!" James Hetfield
53%
Saute! Eddie Van Halen
49%
Fais des saltos sur scène. Steven Tyler
33%
Charles Monroe? Marilyn Manson
32%
Aime se maquiller. Gene Simmons
31%
Snake dance. Axl Rose
28%
Est aussi pilote de ligne Bruce Dickinson
25%
Avance plutôt masqué. Corey Taylor
23%
Qui est un peu sur la lune. Keith Moon
23%
A fréquenté le paradis de son vivant. Lenny Kravitz
14%
Un du Big 4. Tom Araya
13%
Renégat de la funk. Tom Morello
13%
Aucun quiz correspondant
Distribution des résultats
% des personnes avec chaque résultat
Percentile par nombre de réponses
Votre historique - résultats
Vous n’avez pas pris ce quiz